| 000 | 00973nac a22002897a 4500 | ||
|---|---|---|---|
| 001 | BR7800349 | ||
| 003 | BR-BrBNA | ||
| 005 | 20240105114200.0 | ||
| 008 | 230509b bl.|||m| |||| 00| 0 por d | ||
| 040 |
_aBR-BrBNA _bpor _cBiblioteca Nacional de Agricultura |
||
| 072 | _aH20 | ||
| 090 | _a0710 BR7800349 | ||
| 100 | 1 | _aAkutsu, M. | |
| 100 | 1 | _aTanaka, H. | |
| 110 | 1 | _aEmpresa Catarinense de Pesquisa Agropecuaria S.A., Florianopolis, SC (Brasil) | |
| 245 | 1 | _aControle quimico da sarna da macieira [Venturia inaequalis, fungicida, Santa Catarina, Brasil] | |
| 260 | 3 |
_aFlorianopolis, SC (Brasil): _c1977. |
|
| 300 | _a5 p. | ||
| 490 |
_aComunicado Tecnico - Empresa Catarinense de Pesquisa Agropecuaria S.A. (Brazil) _vno. 2 _xISSN 0100-4719 |
||
| 650 | _aSARNA DE PLANTA | ||
| 650 | _aMACA | ||
| 650 | _aFUNGICIDA | ||
| 650 | _aCONTROLE QUIMICO | ||
| 650 | _aSANTA CATARINA | ||
| 909 |
_a202312 _bLúcia Elande _c55 _dLúcia Elande |
||
| 942 |
_2AGRIS _n0 _cMS |
||
| 999 |
_c267857 _d267857 |
||